000 00553nam a2200193 a 4500
005 20240911063938.0
008 991125s1994 mx 000 0 spa u
020 _a9681837738
035 _aUPN01000008842
049 _aCG
050 4 _aQB43.2
_bF5.2
100 1 _aFierro Gossman, Julieta
_931228
245 1 0 _aCómo acercarse a la astronomía /
_cJulieta Fierro.
260 _aMéxico :
_bCNCA :
_bGobierno del Estado de Quéretaro,
_c1994.
300 _a163 p. :
_bil.
440 0 _aCómo acercarse a
650 2 _aAstronomía
_98475
905 _aLibro
999 _c8842
_d8842